000 00819nam a22002537a 4500
999 _c310992
_d310992
001 24710
003 UA-OsUOA
005 20200125215810.0
007 ta
008 20040227b un ||||| |||| 00| 0 ukr d
020 _a966-95627-8-3
040 _aUA-OsUOA
_bukr
_cUA-OsUOA
_dUA-OsUOA
041 _aukr
044 _aUA
080 _a340.12(091)(477)(075.8)
090 _a340.12(091)(477)(075.8)
_bТ35
100 _aТерлюк І. Я.
245 _aІсторія держави і права України : практикум
_bнавчальний посібник для студентів юридичних спеціальностей вищих навчальних закладів
260 _aКиїв
_bАтіка
_c1999
300 _a192 с.
650 7 _2UDC
942 _cBK
_2udc
955 _a0